000 00523nam a22001817a 4500
005 20191210152246.0
008 191210b xxu||||| |||| 00| 0 eng d
040 _beng
041 _aEnglish
082 _a891.44
_bCHA
100 _aChakraborty Dasgupta, Subha
245 _aA bibliography of reception
_bWorld literature in Bengali periodicals (1890-1900)
_cSubha Chakraborty Dasgupta
260 _aKolkata
_bJadavpur University
300 _a159p
_b21.5 cm
650 _aBibliography
850 _aLCLIB
942 _cBK
999 _c42520
_d92999